• 首页
  • 本馆介绍
  • 公告通知
  • 最新文献
  • 馆藏检索
  • 电子资源
  • 读者导购
  • 参考咨询
  • 我的图书馆
  • 登录
  • 详细信息显示
  • 放入我的书架
  • 预约/预借图书
  • 作者相关作品
  • 分类相关作品
  • 丛书相关作品
  • 出版社相关作品

书目信息

  • 表格格式
  • 工作单格式
  • 卡片格式
题名:
中国图书馆图书分类法第二版与第三版修订类目对照表
    
 
作者: ;中国图书馆图书分类法编辑委员会 编
分册:  
出版信息: 北京   书目文献出版社  1991.7
页数: 600页
开本: 26cm
丛书名:
单 册:
中图分类: G254.12
科图分类: 37.6441
主题词: 中国图书馆--图书分类法--版本,第2版与第3版--对照读物
电子资源:
ISBN: 7-5013-0868-3
000 00932nam0 2200229 45
001 0191026499
005 20060816151730.62
010    @a7-5013-0868-3@b精装@dCNY23.00
100    @a19911029d1991 em y0chiy0121 ea
101 0  @achi
102    @aCN@b110000
105    @ay z 000yy
200 10 @a中国图书馆图书分类法第二版与第三版修订类目对照表@AZHONG GUO TU SHU GUAN TU SHU FEN LEI FA DI ER BAN YU DI SAN BAN XIU DING LEI MU DUI ZHAO BIAO@f中国图书馆图书分类法编辑委员会编@FZHONG GUO TU SHU GUAN TU SHU FEN LEI FA BIAN JI WEI YUAN HUI BIAN
210    @a北京@c书目文献出版社@d1991.7
215    @a600页@d26cm
540 1  @a图书 分类@ATU SHU FEN LEI
606    @a中国图书馆@x图书分类法@x版本,第2版与第3版@x对照读物
690    @aG254.12
692    @a37.6441
711 02 @a中国图书馆图书分类法编辑委员会@AZHONG GUO TU SHU GUAN TU SHU FEN LEI FA BIAN JI WEI YUAN HUI@4编
801  0 @aCN@bTSSF@c20060816
905    @a10447@dG254.12@e81
    
    中国图书馆图书分类法第二版与第三版修订类目对照表/中国图书馆图书分类法编辑委员会编.-北京:书目文献出版社,1991.7
    600页;26cm
    
    
    ISBN 7-5013-0868-3(精装):CNY23.00
    
●
相关链接 在E读中查询图书 在五车中查询图书 在当当中查询图书 在豆瓣中查询图书


正题名:中国图书馆图书分类法第二版与第三版修订类目对照表     索取号:G254.12/81         预约/预借

序号 登录号 条形码 馆藏地/架位号 状态 备注
1 0447263   204472631   密集书库/ [索取号:G254.12/81] 在馆    
2 0464950   204649504   密集书库/ [索取号:G254.12/81] 在馆    
唐山师范学院图书馆 欢迎您!
大连网信软件有限公司© 版权所有